000 00490nam a2200181Ia 4500
001 23907
005 20260414151008.0
008 260414t2016||||xx |||||||||||||| ||spa||
041 _aESP
082 _a720.98
_bE92
100 _aEsteban Maluenda, Ana María
_eAUT
245 0 _aLa arquitectura moderna en Latinoamérica :
_bantología de autores, obras y textos
260 _c2016
300 _a368 páginas :
_c24 cm.
650 _aABD
654 _aCAU
942 _cLIB
_dJUS
_fJUS
_2ddc
_n
999 _c23907
_d23907